Tyndale's New Testament / (Record no. 6541)
[ view plain ]
| 000 -LEADER | |
|---|---|
| fixed length control field | 00432cam a22001455i 4500 |
| 001 - CONTROL NUMBER | |
| control field | 24159967 |
| 005 - DATE AND TIME OF LATEST TRANSACTION | |
| control field | 20250617112938.0 |
| 008 - FIXED-LENGTH DATA ELEMENTS--GENERAL INFORMATION | |
| fixed length control field | 250417s2025 ne 000 0 eng |
| 020 ## - INTERNATIONAL STANDARD BOOK NUMBER | |
| International Standard Book Number | 9798885260770 |
| 100 1# - MAIN ENTRY--PERSONAL NAME | |
| Personal name | Tyndaele, William, |
| Relator term | author. |
| 245 00 - TITLE STATEMENT | |
| Title | Tyndale's New Testament / |
| Statement of responsibility, etc. | Translated from the orignal languages by William Tyndale. |
| 250 ## - EDITION STATEMENT | |
| Edition statement | 1534 Edition. |
| 300 ## - PHYSICAL DESCRIPTION | |
| Extent | 1 volume(unpaged) ; |
| Dimensions | 17 cm. |
| 942 ## - ADDED ENTRY ELEMENTS (KOHA) | |
| Source of classification or shelving scheme | Library of Congress Classification |
| Koha item type | Books |
| Suppress in OPAC | No |
| 999 ## - | |
| -- | 6541 |
| -- | 6541 |
| Withdrawn status | Lost status | Source of classification or shelving scheme | Damaged status | Not for loan | Collection | Home library | Current library | Shelving location | Date acquired | Total checkouts | Full call number | Barcode | Date last seen | Copy number | Price effective from | Koha item type |
|---|---|---|---|---|---|---|---|---|---|---|---|---|---|---|---|---|
| Library of Congress Classification | Non-fiction | Undergraduate Library (Christ Temple) | Undergraduate Library (Christ Temple) | General stacks | 06/17/2025 | BS140 TYN | ulct00003388 | 06/17/2025 | 1 | 06/04/2025 | Books |